000 00921nam a2200253Ia 4500
003 OSt
005 20220923211255.0
006 a|||||r|||| 00| 0
007 ta
008 Pun
020 _a9788178838083 (hbk)
_c595
024 _a281,561
037 _b881, 12/08/2014, H.K. Prakashan
_cTextual
040 _aARTS
_cARTS
_bPun
041 _2Pun
_aPun
082 _aO1539275,1x, Q1
100 _aਗਰੇਵਾਲ, ਹਰਦੇਵ ਸਿੰਘ, ਥਦ.
_9160124
245 0 _aਕਲਕੱਤਾ ਅਤੇ ਪੂਰਬੀ ਭਾਰਤ ਦੀ ਪੰਜਾਬੀ ਕਵਿਤਾ
260 _aਲੁਧਿਆਣਾ
_b ਚੇਤਨਾ ਪ੍ਰਕਾFਨ
_c2011
300 _a479ਪੰ
_ccm.
650 _aਪੰਜਾਬੀ ਸਾਹਿਤ
942 _hO1539275,1x, Q1
_cTEXL
_2CC
999 _c298045
_d298045